| 000 | 01460nam2a22002771 4500 | ||
|---|---|---|---|
| 001 | rc\4019776 | ||
| 005 | 20250611060820.0 | ||
| 021 |
_aRU _b[49-31908] |
||
| 035 | _a(NLR Aleph) 008085690 | ||
| 090 |
_a9152086 _c9152086 |
||
| 100 | _a20130415d1949 |||y0rusy50 ca | ||
| 101 | 0 | _arus | |
| 102 | _aRU | ||
| 105 | _aa z ||||| | ||
| 200 | 1 |
_aГидравлика _aПрикладная механика _f[Отв. ред. Г.Н. Абрамович и Л.С. Лейбензон] |
|
| 210 |
_cГос. изд-во техн.-теорет. лит. _d1949 _aБ. м. |
||
| 215 |
_a700 с., 2 л. ил. _cил. |
||
| 461 | 0 |
_1001rc\4019773 _12001#$aСобрание сочинений$f[Гл. ред. Лейбензон Л.С.$gВступ. статья: В.В. Голубев. "Биография Н.Е. Жуковского", с. 5-26]. Т. 1-$vТ. 3 _1700#1$aЖуковский$bН.Е.$f1847-1921$gНиколай Егорович _99152069 _aЖуковский, Н.Е. (1847-1921) _cМосква _d1948- _f[Гл. ред. Лейбензон Л.С. _nГостехиздат _tСобрание сочинений _vТ. 3 |
|
| 702 | 1 |
_4340 _7ca _8rus _aЛейбензон _bЛ. С. _f1879-1951 _gЛеонид Самуилович _92641153 _3RU\NLR\AUTH\770271969 |
|
| 702 | 1 |
_aАбрамович _bГ.Н. _gГенрих Наумович _4340 |
|
| 801 | 0 |
_aRU _bNLR _gpsbo |
|
| 801 | 1 |
_aRU _bELAR _2rusmarc |
|
| 852 |
_aNLR _jМх02 Г-5/82 |
||
| 942 | _cBOOK | ||
| 980 | _aNB | ||